000
00316nam a2200133Ia 4500
008
100328s9999 xx 000 0 und d
082
_b
888
100
_a
Wodehouse P.G.
245
_a
Jill The Reckless
260
_b
Herhert Jenkins
630
_a
Jill The Reckless
730
_a
Jill The Reckless
942
_c
BOOK
999
_c
497190
_d
497187